The Lure of the cults & new religions : why the they attract & what we can do / (Record no. 68227)

MARC details
000 -LEADER
fixed length control field 00689nam a22002177a 4500
003 - CONTROL NUMBER IDENTIFIER
control field PILC
005 - DATE AND TIME OF LATEST TRANSACTION
control field 20160306212214.0
008 - FIXED-LENGTH DATA ELEMENTS--GENERAL INFORMATION
fixed length control field 150904b1987 xxu||||| |||| 00| 0 eng d
010 ## - LIBRARY OF CONGRESS CONTROL NUMBER
LC control number Acc#44824
020 ## - INTERNATIONAL STANDARD BOOK NUMBER
International Standard Book Number 0877849943
040 ## - CATALOGING SOURCE
Transcribing agency Philippine Baptist Theological Seminary
050 ## - LIBRARY OF CONGRESS CALL NUMBER
Classification number BP 603
Item number En73 1987
100 ## - MAIN ENTRY--PERSONAL NAME
Personal name Enroth, Ronald
245 04 - TITLE STATEMENT
Title The Lure of the cults & new religions : why the they attract & what we can do /
Statement of responsibility, etc. Ronald Enroth
260 ## - PUBLICATION, DISTRIBUTION, ETC (IMPRINT)
Place of publication, distribution, etc. Illinois :
Name of publisher, distributor, etc. InterVarsity Press,
Date of publication, distribution, etc. c1987
300 ## - PHYSICAL DESCRIPTION
Extent 140 pages ;
Dimensions 21 cm.
650 ## - SUBJECT ADDED ENTRY--TOPICAL TERM
Topical term or geographic name as entry element Cults
General subdivision Controversial literature
650 ## - SUBJECT ADDED ENTRY--TOPICAL TERM
Topical term or geographic name as entry element Christian sects
General subdivision controversial literature
650 ## - SUBJECT ADDED ENTRY--TOPICAL TERM
Topical term or geographic name as entry element Evangecalism
942 ## - ADDED ENTRY ELEMENTS (KOHA)
Source of classification or shelving scheme Dewey Decimal Classification
Koha item type Circulation Books
Holdings
Withdrawn status Lost status Source of classification or shelving scheme Damaged status Not for loan Home library Current library Shelving location Date acquired Source of acquisition Total Checkouts Total Renewals Full call number Barcode Date last seen Date last checked out Price effective from Koha item type
    Dewey Decimal Classification     PBTS Library PBTS Library Circulation Section 09/04/2015 Gift 1 6 BP 603 En73 1987 44824 02/13/2026 01/26/2016 09/04/2015 Circulation Books

Philippine Baptist Theological Seminary | 19 Tacay Road, Central Guisad, Baguio City 2600, Philippines